000 00317nam a22001337a 4500
008 171013b xxu||||| |||| 00| 0 eng d
020 _a639785318620
041 _aeng
080 _a336
100 _a51
101 _aINV
245 _a24 ESSENTIAL LESSONS FOR INVESTMENT SUCCESS
_cONEIL.W.J
942 _2udc
_cBK
999 _c33828
_d33828